Central Library OPAC University of Rajshahi

Show me Microsoft Office Word 2003 / (Record no. 77252)

MARC details
000 -LEADER
fixed length control field 00761nam a2200265 a 4500
001 - CONTROL NUMBER
control field 77252
003 - CONTROL NUMBER IDENTIFIER
rucl marc code BD-RjUL
005 - DATE AND TIME OF LATEST TRANSACTION
control field 20211209082942.0
008 - FIXED-LENGTH DATA ELEMENTS--GENERAL INFORMATION
fixed length control field 200308s2003 inua 001 0 eng d
020 ## - INTERNATIONAL STANDARD BOOK NUMBER
International Standard Book Number 0789730103
035 ## - SYSTEM CONTROL NUMBER
System control number (DLC) 2003108682
040 ## - CATALOGING SOURCE
Original cataloging agency DLC
Transcribing agency DLC
Modifying agency DLC
-- BD-RjUL
Language of cataloging eng
041 ## - LANGUAGE CODE
Language code of text/sound track or separate title eng
082 00 - DEWEY DECIMAL CLASSIFICATION NUMBER
Classification number 005.52
Edition number 22
Author mark and year JOS 2003
100 1# - MAIN ENTRY--PERSONAL NAME
Personal name Johnson, Steve,
Dates associated with a name 1961-
9 (RLIN) 240503
245 10 - TITLE STATEMENT
Title Show me Microsoft Office Word 2003 /
Statement of responsibility, etc. Steve Johnson.
246 30 - VARYING FORM OF TITLE
Title proper/short title Microsoft Office Word 2003
260 ## - PUBLICATION, DISTRIBUTION, ETC. (IMPRINT)
Place of publication, distribution, etc. Indianapolis, IN :
Name of publisher, distributor, etc. Que Pub.,
Date of publication, distribution, etc. c2003.
300 ## - PHYSICAL DESCRIPTION
Pagination xviii, 382 p. :
Illustrations ill. ;
Size 24 cm.
500 ## - GENERAL NOTE
General note Includes index.
650 #0 - SUBJECT ADDED ENTRY--TOPICAL TERM
Topical term or geographic name as entry element Word processing.
9 (RLIN) 240504
942 ## - ADDED ENTRY ELEMENTS (KOHA)
Source of classification or shelving scheme Dewey Decimal Classification
Koha item type Books
Holdings
Lost status Source of classification or shelving scheme Damaged status Not for loan Permanent Location Current Location Shelving location Date acquired Source of acquisition Cost, normal purchase price Total Checkouts Full call number Date last seen Copy number Koha item type
  Dewey Decimal Classification   Not For Loan Central Library, University of Rajshahi Central Library, University of Rajshahi Reading Room 20/02/2020 American Center Library, Dhaka 19.99   005.52 JOS 2003 08/03/2020 C-1 Books